000 00412nam a2200181Ia 4500
008 210210b1956 xxu||||| |||| 00| 0 eng d
041 _aeng
082 _a828/405
100 _aMANTON (Jo)
245 _aStory of Albert Schweitzer
260 _aLondon
_bMithuen & Co Ltd.
_c1956
650 _aStory
650 _aSchweitzer
650 _aof
650 _aAlbert
690 _aBiography
906 _a016250
999 _c135679
_d135679